U.S. trade with developing countries (Record no. 58373)
[ view plain ]
| 000 -LEADER | |
|---|---|
| fixed length control field | 01549nam a2200373 a 4500 |
| 082 04 - DEWEY DECIMAL CLASSIFICATION NUMBER | |
| Classification number | 382/.097301724 |
| 245 00 - TITLE STATEMENT | |
| Title | U.S. trade with developing countries |
| 260 ## - PUBLICATION, DISTRIBUTION, ETC. (IMPRINT) | |
| Place of publication | New York : |
| Name of publisher | Nova Science Publishers, Inc., |
| Year of publication | c2009. |
| 300 ## - PHYSICAL DESCRIPTION | |
| Number of Pages | xiv, 250 p. : |
| Other physical details | ill., map. |
| 490 1# - SERIES STATEMENT | |
| Series statement | Monetary, fiscal and trade policies series |
| 700 1# - ADDED ENTRY--PERSONAL NAME | |
| Personal name | Geisler, Kalan R. |
| 856 40 - ELECTRONIC LOCATION AND ACCESS | |
| Uniform Resource Identifier | http://site.ebrary.com/lib/rucke/Doc?id=10676416 |
No items available.
